Brand, a Dramatic Poems (Record no. 1956)

MARC details
000 -LEADER
fixed length control field 00428nam a2200145Ia 4500
008 - FIXED-LENGTH DATA ELEMENTS--GENERAL INFORMATION
fixed length control field 211109s9999||||xx |||||||||||||| ||und||
082 ## - DEWEY DECIMAL CLASSIFICATION NUMBER
Classification number 839.8226
Item number IBS-B
100 ## - MAIN ENTRY--PERSONAL NAME
Personal name Ibsen, Henrik,
245 #0 - TITLE STATEMENT
Title Brand, a Dramatic Poems
260 ## - PUBLICATION, DISTRIBUTION, ETC.
Name of publisher, distributor, etc. Ibsen, s
Place of publication, distribution, etc. Misplace
Date of publication, distribution, etc. 1917
300 ## - PHYSICAL DESCRIPTION
Extent 223p
630 ## - SUBJECT ADDED ENTRY--UNIFORM TITLE
General subdivision General Stack
650 ## - SUBJECT ADDED ENTRY--TOPICAL TERM
Topical term or geographic name entry element Norwegian drama
942 ## - ADDED ENTRY ELEMENTS (KOHA)
Koha item type BOOK
650 ## - SUBJECT ADDED ENTRY--TOPICAL TERM
Form subdivision Other Germanic literaturesLiteratures of Germanic languages
General subdivision Literature
Holdings
Withdrawn status Lost status Damaged status Not for loan Home library Current library Date acquired Cost, normal purchase price Total Checkouts Full call number Barcode Shelving location Date last seen Price effective from Koha item type
        SB LIBRARY SB LIBRARY 09/11/2021 100.00   839.8226 IBS-B 00002120 GENERAL STACK 09/11/2021 09/11/2021 BOOK

Powered by Koha